| 000 | 01914nam a22002657a 4500 | ||
|---|---|---|---|
| 005 | 20210325193944.0 | ||
| 008 | s2547 th tha d | ||
| 020 | _a9744176445 | ||
| 041 | _atha | ||
| 050 | _aPL4206.6 ค125ร 2547 | ||
| 100 | 0 | _aบุญเตือน ศรีวรพจน์ | |
| 110 | 0 | _aคณะอนุกรรมการฝ่ายประมวลเอกสารและจดหมายเหตุในคณะกรรมการจัดงานเฉลิมพระเกียรติสมเด็จพระนางเจ้าสิริกิติ์ พระบรมราชินีนาถ... | |
| 245 | 1 | 0 | _aรัตนมงคลคำฉันท์ เฉลิมพระเกียรติ สมเด็จพระนางเจ้าสิริกิติ์พระบรมราชินีนาถ |
| 260 | 3 |
_aกรุงเทพฯ : _bกรมศิลปากร, _c2547 |
|
| 300 |
_a213 หน้า : _bภาพประกอบ ; _c30 ซม. |
||
| 610 | _aคณะอนุกรรมการฝ่ายประมวลเอกสารและจดหมายเหตุในคณะกรรมการจัดงานเฉลิมพระเกียรติ สมเด็จพระนางเจ้าสิริกิติ์ พระบรมราชินีนาถ | ||
| 650 | 0 | 4 | _aฉันท์ |
| 650 | 0 | 4 | _aธรรมะ -- กวีนิพนธ์ |
| 650 | 0 | 4 | _aกวีนิพนธ์เฉลิมพระเกียรติ |
| 650 | 0 | 4 | _aกวีนิพนธ์เฉลิมพระเกียรติธรรมะ -- กวีนิพนธ์ฉันท์ |
| 850 | _aNALT | ||
| 942 | _cGB | ||
| 997 | _c000000000042472 | ||
| 998 | _aนางสาวเบญจลักษณ์ สุทธิวิไล | ||
| 999 |
_c42472 _d42472 |
||